The Role of Conditionalities in Building Governace in EU Cohesion Policy Since 2013 dizertačná práca

Gespeichert in:
Bibliographische Detailangaben
1. Verfasser: Jašurek, Igor, 1979-
Körperschaft: Národohospodárska fakulta EU. Katedra verejnej správy a regionálneho rozvoja
Weitere Verfasser: Šipikal, Miroslav, 1976-
Format: Buch
Sprache:Englisch
Veröffentlicht: Bratislava 2022
Schlagworte:
Tags: Tag hinzufügen
Keine Tags, Fügen Sie das erste Tag hinzu!

MARC

LEADER 00000nbm a2200000 4500
001 0287277
005 20230302100427.5
041 0 |a eng 
044 |a SK 
245 1 0 |a The Role of Conditionalities in Building Governace in EU Cohesion Policy Since 2013  |b dizertačná práca  |c Igor Jašurek ; školiteľ: Miroslav Šipikal 
264 1 |a Bratislava  |c 2022 
300 |a 98 s. 
610 2 0 |a politika kohézna 
610 2 0 |a riadenie 
610 2 0 |a kontrola 
610 2 0 |a Európska únia 
100 1 |a Jašurek, Igor, 1979- 
700 1 |a Šipikal, Miroslav, 1976- 
710 2 |a Národohospodárska fakulta EU. Katedra verejnej správy a regionálneho rozvoja